| 000 | 01249cam a22002771 4500 | ||
|---|---|---|---|
| 001 | e 19000228 | ||
| 003 | DLC | ||
| 005 | 20260227111210.0 | ||
| 008 | 970428m19191923dcu f000 0 eng c | ||
| 010 | _ae 19000228 | ||
| 035 | _a(OCoLC)36810569 | ||
| 040 |
_aLibrary, U.S. Office of Ecucation _cOCU _dDLC |
||
| 042 | _apremarc | ||
| 050 | 0 | 0 |
_aL111 _b.A6 1919, no. 25, etc. |
| 051 |
_aLC1045 _b.B3 |
||
| 100 | 1 |
_aBawden, William T. _q(William Thomas), _d1875-1960. |
|
| 245 | 1 | 0 |
_aVocational education / _cby William T. Bawden, specialist in industrial education, Bureau of Education. |
| 260 |
_aWashington : _bGovt. Print. Off., _c1919-23. |
||
| 300 |
_a2 v. ; _c23 cm. |
||
| 490 | 1 |
_a[U.S.] Bureau of Education. Bulletin, _v1919, no. 25; 1923, no. 28 |
|
| 500 | _aAt head of title: Department of the Interior. Bureau of Education. | ||
| 500 | _aAdvance sheets from the Biennial survey of education in the United States, 1916/18; 1920/22. | ||
| 500 | _aCopy 1 of L111.A6, 1919, no. 25 bound with: Bulletin / United States. Bureau of Education, 1919, no. 26-1919, no. 38, subsequent to publication. | ||
| 650 | 0 |
_aVocational education _zUnited States. |
|
| 830 | 0 |
_aBulletin (United States. Bureau of Education) _v1919, no 25; 1923, no. 28. |
|
| 999 |
_c20298 _d20298 |
||